000 00553nam a22001817a 4500
005 20251108164018.0
008 250721s1998 xx 000 0 ara d
082 1 4 _a796.077019/علا
100 1 _aعلاوي، محمد حسن
_eمؤلف
245 1 0 _aسيكولوجية القيادة الرياضية /
264 1 _aالقاهرة :
_bمركز الكتاب،
_c1998.
300 _a191ص.
650 1 7 _aعلم النفس الرياضي
650 1 7 _aالتدريب الرياضي
650 1 7 _aالقيادة
942 _2ddc
_cBK
999 _c1397
_d1397